BIBLIOTECA

SENCICO

More than 100 kitchen designs / (Registro nro. 3774)

Detalles MARC
000 -LEADER
fixed length control field 00806nam a22002537a 4500
003 - CONTROL NUMBER IDENTIFIER
control field PE SENCICO BE
005 - DATE AND TIME OF LATEST TRANSACTION
control field 20251020182625.0
008 - FIXED-LENGTH DATA ELEMENTS--GENERAL INFORMATION
fixed length control field 230112b |||||||| |||| 00| 0 eng d
020 ## - INTERNATIONAL STANDARD BOOK NUMBER
International Standard Book Number 978-84-15829-67-6
040 ## - CATALOGING SOURCE
Original cataloging agency PE SENCICO BE
Transcribing agency PE SENCICO BE
041 ## - LANGUAGE CODE
Language code of text/sound track or separate title eng
082 ## - DEWEY DECIMAL CLASSIFICATION NUMBER
Classification number 747
Item number I5
110 1# - MAIN ENTRY--CORPORATE NAME
9 (RLIN) 238
Corporate name or jurisdiction name as entry element Instituto Monsa de Ediciones
245 1# - TITLE STATEMENT
Title More than 100 kitchen designs /
Statement of responsibility, etc. Instituto Monsa de Ediciones
250 ## - EDITION STATEMENT
Edition statement [1a ed.]
260 ## - PUBLICATION, DISTRIBUTION, ETC.
Place of publication, distribution, etc. Barcelona:
Name of publisher, distributor, etc. Monsa,
Date of publication, distribution, etc. 2014
300 ## - PHYSICAL DESCRIPTION
Extent 112 p. :
Other physical details il. col., lams., fotog. ;
Dimensions 24 cm.
500 ## - GENERAL NOTE
General note Texto en inglés.
650 14 - SUBJECT ADDED ENTRY--TOPICAL TERM
9 (RLIN) 44
Topical term or geographic name entry element Diseño de interiores
650 24 - SUBJECT ADDED ENTRY--TOPICAL TERM
9 (RLIN) 199
Topical term or geographic name entry element Distribución de espacios (viviendas)
650 24 - SUBJECT ADDED ENTRY--TOPICAL TERM
9 (RLIN) 25
Topical term or geographic name entry element Decoración de interiores
910 ## - USER-OPTION DATA (OCLC)
-- hfp
-- hfp
942 ## - ADDED ENTRY ELEMENTS (KOHA)
Source of classification or shelving scheme Dewey Decimal Classification
Koha item type Libros
Classification part 747
Item part I5
Existencias
Fecha de la última vez que lo usaron Número de ingreso o de inventario Pago total Signatura topográfica completa Precio efectivo desde Tipo de documento Estado perdido Sistema de clasificación Estado dañado No es para préstamo Retirado Ubicación permanente Ubicación actual Fecha de adquisición
12/01/2023 16504   747/I5 12/01/2023 Libros   Dewey Decimal Classification       Biblioteca Central Lima Biblioteca Central Lima 12/01/2023